Normal view
MARC view
Entry Personal Name
001 - CONTROL NUMBER
- control field: 38260
003 - CONTROL NUMBER IDENTIFIER
- control field: dpl
005 - DATE AND TIME OF LATEST TRANSACTION
- control field: 20120104165703.0
008 - FIXED-LENGTH DATA ELEMENTS
- fixed length control field: 120104|||a|||||| | ||| d
040 ## - CATALOGING SOURCE
- Original cataloging agency: dpl
- Transcribing agency: dpl
100 ## - HEADING--PERSONAL NAME
- Personal name: Guha, Tapas
670 ## - SOURCE DATA FOUND
- Source citation: Work cat.: (dpl): Bond, Ruskin 38259, Tigers forever:, 1996
670 ## - SOURCE DATA FOUND
- Source citation: Work cat.: (dpl): Bond, Ruskin 38259, Tigers forever:, 1996
